| 000 | 00345 a2200109 4500 | ||
|---|---|---|---|
| 020 | _a0070054835 | ||
| 082 | _a333.9115 BIS | ||
| 100 | _aBiswas. Asit K. | ||
| 245 |
_aWater Resources Environment Planning, Management, and Development _cAsit K. Biswas |
||
| 260 |
_aNew York : _bMc Graw Hill, _c1996 |
||
| 300 |
_ax, 737p. : _bill ., ; _c24 cm |
||
| 650 | _aWater Quality Management | ||
| 999 |
_c315 _d315 |
||